The therian skull: a lexicon with emphasis on the odontocetes

Tallennettuna:
Bibliografiset tiedot
Päätekijä: Mead, James G. (autor)
Muut tekijät: Fordyce, R. E
Aineistotyyppi: Kirja
Kieli:englanti
Julkaistu: Washington, D.C, USA Smithsonian Institution Scholarly Press 2009
Sarja:Smithsonian Contribution to Zoology. 627
Aiheet:
Tagit: Lisää tagi
Ei tageja, Lisää ensimmäinen tagi!

MARC

LEADER 00000nam a2200000 a 4500
001 UCH9505
003 CL-VaPUC
005 20240105104733.0
008 100114e20090000US |||||||||||||||||eng|d
999 |c 339472  |d 339470 
040 |c Pontificia Universidad Católica de Valparaíso 
082 0 4 |a 571.3 MEA 2009  |2 21 
100 |a Mead, James G.  |e autor  |9 546698 
245 1 4 |a The therian skull: a lexicon with emphasis on the odontocetes 
260 0 3 |a Washington, D.C, USA  |b Smithsonian Institution Scholarly Press  |c 2009 
300 |a 248 páginas 
490 0 |a Smithsonian Contribution to Zoology.  |v 627 
583 |a last modification  |c 20100114 00:00:00  |k Rodrigo Vera 
650 7 |a MAMIFEROS  |2 CL-VaPUC  |9 266111 
650 7 |a CETACEOS  |2 CL-VaPUC  |9 374626 
650 0 |a Anatomía animal  |9 338540 
650 0 |a Anatomía comparada  |9 261536 
700 0 |a Fordyce, R. E  |9 546699 
942 |c BK  |2 ddc 
945 |d 20100114 00:00:00  |a rbrito